000 01007nam a22003257a 4500
001 BR2016001383
003 BR-BrBNA
005 20230928104849.0
007 ta
008 230509b bl.||||| |||| 00| 0 por d
040 _aBR-BrBNA
_bpor
_cBiblioteca Nacional de Agricultura
041 _a(Por)
072 _aP34
090 _ P34 BR2016001383
100 1 _aTeixeira, A.F. dos S.
110 1 _aUniversidade Federal de Lavras, MG (Brasil)
_0Tese (Mestrado)
245 1 _aDensidade e diversidade de esporos e fungos micorrízicos arbusculares em áreas do quadrilátero ferrífero
260 3 _aLavras, MG (Brasil):
_c2015.
300 _a74 p.
500 _aSummaries (Eng, Por); Several bibliography; 8 illus.
650 _aMICORRIZA VESICULAR ARBUSCULAR
650 _aMICROBIOLOGIA DO SOLO
650 _aESPORO
650 _aSOLO
650 _aMINERAÇÃO
650 _aPROPRIEDADE FISÍCO-QUÍMICA
650 _aMINAS GERAIS
909 _a202309
_bLucia
_c55
_dLucia Elande
942 _cBK
999 _c82148
_d82148